|
|
|
|
| LEADER |
00000nam2a2200000 4500 |
| 001 |
296770 |
| 005 |
20231102000935.0 |
| 035 |
|
|
|a (RuTPU)RU\TPU\book\321878
|
| 090 |
|
|
|a 296770
|
| 100 |
|
|
|a 20150602d1983 km y0rusy50 ca
|
| 101 |
0 |
|
|a rus
|
| 102 |
|
|
|a RU
|
| 105 |
|
|
|a a z 001zy
|
| 200 |
0 |
|
|a Т. 126 : Исследования по линейным операторам и теории функций. XII
|
| 210 |
|
|
|d 1983
|
| 215 |
|
|
|a 216 с.
|c ил.
|
| 320 |
|
|
|a Библиография в конце статей
|
| 461 |
|
1 |
|0 (RuTPU)RU\TPU\book\26131
|t Записки научных семинаров ЛОМИ
|o сборник работ
|f Академия наук СССР (АН СССР), Математический институт им. В. А. Стеклова (МИАН)
|v Т. 126 : Исследования по линейным операторам и теории функций. XII
|d 1979-1991
|
| 606 |
1 |
|
|a Операторы линейные
|2 stltpush
|3 (RuTPU)RU\TPU\subj\47043
|9 66111
|
| 606 |
1 |
|
|a Функции, теория
|2 stltpush
|3 (RuTPU)RU\TPU\subj\59510
|9 77024
|
| 610 |
1 |
|
|a компактные операторы
|
| 610 |
1 |
|
|a аналитические функции
|
| 610 |
1 |
|
|a полиномы
|
| 610 |
1 |
|
|a квадратичные отображения
|
| 610 |
1 |
|
|a ганкелевы матрицы
|
| 610 |
1 |
|
|a интеграл Дирихле
|
| 610 |
1 |
|
|a гильбертовы пространства
|
| 610 |
1 |
|
|a унитарные операторы
|
| 675 |
|
|
|a 517.983
|v 4
|
| 675 |
|
|
|a 517.5
|v 4
|
| 702 |
|
1 |
|a Никольский
|b Н. К.
|4 340
|
| 801 |
|
1 |
|a RU
|b 63413507
|c 20150602
|
| 801 |
|
2 |
|a RU
|b 63413507
|c 20181019
|g RCR
|
| 942 |
|
|
|c BK
|